Statistiques concernant Quiz sport – Connaissez-vous les plus grands exploits sportifs ?

Cliquez ici pour prendre le quiz!

Statistiques générales

  • Ce quiz a été pris 313 fois
  • Le résultat moyen est 8 sur 15

Statistiques - réponses

QuestionRéponse% Correct
Quelles sont les franchises les plus titrées en NBA (17 titres) ?Boston Celtics & Los Angeles Lakers
86%
Lors des Championnats d’Europe d’Athlétisme de Zurich en 2014, l’Équipe de France du relais 4x400 mètres réalise l’exploit de remonter de la quatrième à la première place grâce au relais de la dernière sprinteuse. Comment s’appelle-t-elle ?Floria Gueï
80%
Aux Championnats du Monde d’Athlétisme de Berlin en 2009, Usain Bolt établit le record du monde du 100 mètres. En combien de temps le Jamaïcain a-t-il parcouru le 100 mètres ?9'58
79%
Quel est le joueur qui détient le record de buts en phase finale de coupe du monde de football ?Miroslav Klose
71%
En 1984, aux Jeux Olympiques de Los Angeles, Carl Lewis remporte 4 médailles d’or. Dans quelles disciplines ?100m, 200m, 4x100m et saut en longueur
61%
À quelle hauteur était placée la barre que Renaud Lavillenie a sautée pour battre le record du monde du saut à la perche le 15 février 2014 à Donetsk ?6m16
60%
Aux Jeux Olympiques de Sotchi en 2014, sur 4 participants à la finale de ski cross, 3 sont Français. Quelle est la nationalité du 4e finaliste ?Canadienne
60%
Qui est le plus jeune pilote à avoir pris le départ d’un Grand Prix de Formule 1 ?Max Verstappen
60%
Dans l’ère Open, qui sont les deux détenteurs du record de titres en Grand Chelem (femme et homme) ?Serena Williams & Rafael Nadal
54%
Comment était surnommée l’Équipe de France de handball vainqueure de son premier titre en 1995 ?Les Barjots
52%
En quelle année et dans quelle ville l’Éthiopien Abebe Bikila remporte-t-il la médaille d’or des Jeux Olympiques en courant le marathon pieds nus ?1960 - Rome
49%
Quel est le temps établi par Eliud Kipchoge au marathon de Berlin le 25 septembre 2022 ?2h01'09s
41%
Quel est le nom du premier vainqueur du Tour de FranceMaurice Garin
40%
Lors de quelles olympiades Michael Phelps devient-il le nageur le plus médaillé de l’histoire sur une édition avec 8 médailles d’or ?Jeux Olympiques de Pékin - 2008
30%
Qui est le premier français champion olympique en natation ?Charles Devandeville
16%

Distribution des résultats

Percentile par nombre de réponses

% des personnes avec chaque résultat

Votre développement - résultats

Vous n’avez pas pris ce quiz